000 00354nam a2200133Ia 4500
008 240624s9999 xx 000 0 und d
041 _aeng
082 _a330 KNI
100 _aKNIGHT TIMOTHY
245 _aPANIC PROSPERITY AND PROGRESS FIVE CENTU
260 _c2014
_aNew Jersey
_bJohn Wiley & Sons
300 _ax, : 469 : p. : cm. ; 23
365 _c
_b26
999 _c23491
_d23491